[Event "Campeonato de Europa 2011 Femenino"]
[Site "Tbilisi GEO"]
[Date "2011.05.16"]
[Round "9.43"]
[White "Mammadova, Gulnar Marfat qizi"]
[Black "Bokuchava, Madona"]
[Result "1-0"]
[WhiteElo "2312"]
[BlackElo "2115"]
[PlyCount "33"]
[EventDate "2011.05.07"]
[EventType "swiss"]
[EventRounds "11"]
[EventCountry "GEO"]
[Source "lmi"]
[SourceDate "2011.05.07"]

1. e4 c5 2. Nf3 d6 3. d4 cxd4 4. Qxd4 Bd7 5. c4 Nc6 6. Qd2 g6 7. b3 Bg7 8. Nc3
Nf6 9. Bb2 O-O 10. h3 Qa5 11. Bd3 a6 12. O-O Rac8 13. a3 Qh5 14. Ne2 Rfd8 15.
b4 Ne8 16. Bxg7 Nxg7 17. Ng3 1-0

[Event "Campeonato de Europa 2011 Femenino"]
[Site "Tbilisi GEO"]
[Date "2011.05.16"]
[Round "9.44"]
[White "Khalafova, Narmin Ilgar qizi"]
[Black "Severiukhina, Zoja"]
[Result "0-1"]
[WhiteElo "2065"]
[BlackElo "2291"]
[PlyCount "176"]
[EventDate "2011.05.07"]
[EventType "swiss"]
[EventRounds "11"]
[EventCountry "GEO"]
[Source "lmi"]
[SourceDate "2011.05.07"]

1. c4 g6 2. Nc3 Bg7 3. g3 d6 4. Bg2 c5 5. d3 Nc6 6. e4 e6 7. Nge2 Nge7 8. a3
Rb8 9. Rb1 O-O 10. b4 Nd4 11. O-O b6 12. bxc5 dxc5 13. Bf4 e5 14. Be3 f5 15. f4
fxe4 16. dxe4 Bg4 17. Bxd4 cxd4 18. Nd5 Qd6 19. fxe5 Bxe5 20. Rb3 Nc6 21. Qd2
Na5 22. Rb4 Qc5 23. Rb5 Qxc4 24. Ne7+ Kg7 25. Rxe5 Bxe2 26. Nf5+ Kh8 27. Rc1
Qd3 28. Qxd3 Bxd3 29. Nxd4 Rbe8 30. Rd5 Rc8 31. Rxc8 Rxc8 32. Rd7 Nc4 33. Rxa7
Ne3 34. Bf3 Rc1+ 35. Kf2 Nc4 36. Bg2 Ra1 37. Ne6 h5 38. Nf4 Ra2+ 39. Kf3 Ne5+
40. Ke3 Bb5 41. h4 Rb2 42. Bh3 Rb3+ 43. Kf2 Rb2+ 44. Ke3 Rb3+ 45. Kf2 Rf3+ 46.
Kg2 Re3 47. Re7 Ng4 48. Nxg6+ Kg8 49. Bxg4 hxg4 50. e5 Bc6+ 51. Kf2 Rf3+ 52.
Ke2 Rxg3 53. Nf4 Rxa3 54. h5 Rf3 55. Ng6 Rh3 56. Re6 Bf3+ 57. Ke1 Rxh5 58. Rxb6
g3 59. Nf4 Rxe5+ 60. Kd2 Be4 61. Ke3 g2 62. Nxg2 Bxg2+ 63. Kf4 Re2 64. Kf5 Kf7
65. Ra6 Bh3+ 66. Kg5 Rg2+ 67. Kf4 Be6 68. Ra1 Kf6 69. Ra5 Rg4+ 70. Kf3 Bf5 71.
Ra6+ Kg5 72. Ra7 Rb4 73. Ra3 Rh4 74. Ra7 Rh3+ 75. Ke2 Kf4 76. Kd2 Rd3+ 77. Ke2
Rc3 78. Re7 Rc2+ 79. Kd1 Ra2 80. Kc1 Be4 81. Rg7 Ke3 82. Rg3+ Kd4 83. Kd1 Bd3
84. Rg7 Kc3 85. Rc7+ Bc4 86. Ke1 Re2+ 87. Kd1 Re8 88. Rc6 Rf8 0-1

[Event "Campeonato de Europa 2011 Femenino"]
[Site "Tbilisi GEO"]
[Date "2011.05.16"]
[Round "9.45"]
[White "Nikoladze, Sopio"]
[Black "Melashvili, Nino"]
[Result "1-0"]
[WhiteElo "2278"]
[BlackElo "2104"]
[PlyCount "92"]
[EventDate "2011.05.07"]
[EventType "swiss"]
[EventRounds "11"]
[EventCountry "GEO"]
[Source "lmi"]
[SourceDate "2011.05.07"]

1. d4 d5 2. Nf3 Nf6 3. e3 e6 4. Bd3 Nbd7 5. b3 Bb4+ 6. Nbd2 Bc3 7. Rb1 Qe7 8.
O-O e5 9. dxe5 Nxe5 10. Nxe5 Bxe5 11. h3 Bc3 12. Bb2 Bxb2 13. Rxb2 O-O 14. c4
Rd8 15. Qb1 g6 16. Re1 dxc4 17. Bxc4 Bf5 18. e4 Re8 19. Bd3 Rad8 20. Re3 Qc5
21. Rc2 Qb6 22. Nc4 Qd4 23. Rce2 Bd7 24. Nd2 Bc6 25. Nf3 Qc5 26. b4 Qb6 27. Qb2
Rxd3 28. Rxd3 Bb5 29. Rde3 Bxe2 30. Qxe2 Qxb4 31. e5 Nd5 32. Rb3 Nf4 33. Qc2
Qa4 34. Qxc7 Ne2+ 35. Kh2 b6 36. Re3 Qf4+ 37. Kh1 Ng3+ 38. Kg1 Nf5 39. Rc3 Nd4
40. Nxd4 Qxd4 41. Re3 Qa1+ 42. Kh2 Qxa2 43. Rf3 b5 44. Rf6 Qd5 45. e6 Qxe6 46.
Rxe6 Rxe6 1-0

[Event "Campeonato de Europa 2011 Femenino"]
[Site "Tbilisi GEO"]
[Date "2011.05.16"]
[Round "9.46"]
[White "Kakutia, Ada"]
[Black "Fakhiridou, Ekaterini"]
[Result "1/2-1/2"]
[WhiteElo "1727"]
[BlackElo "2225"]
[PlyCount "87"]
[EventDate "2011.05.07"]
[EventType "swiss"]
[EventRounds "11"]
[EventCountry "GEO"]
[Source "lmi"]
[SourceDate "2011.05.07"]

1. e4 c5 2. c3 d5 3. exd5 Qxd5 4. d4 Nf6 5. Nf3 Bg4 6. dxc5 Qxc5 7. Na3 g6 8.
Be3 Qa5 9. h3 Bd7 10. Nc4 Qc7 11. Be2 Bg7 12. O-O Nc6 13. Nd4 Nxd4 14. Bxd4 O-O
15. Ne5 Be6 16. Bf3 Rfd8 17. Qe2 Ne8 18. Rfd1 Rd6 19. Qb5 Rad8 20. Re1 f6 21.
Ng4 Bxg4 22. hxg4 b6 23. Qb3+ Kf8 24. Re6 Rxe6 25. Qxe6 Qd6 26. Re1 Qxe6 27.
Rxe6 Kf7 28. Re1 Bh6 29. Bc6 Nc7 30. Kf1 Nd5 31. Bb5 e5 32. Be3 Bxe3 33. fxe3
Nc7 34. Bc4+ Ke7 35. e4 Ne8 36. Ke2 Nd6 37. Bd3 Nf7 38. Ke3 Ng5 39. g3 Rh8 40.
Rh1 Kd6 41. Rf1 Rf8 42. Rf2 Kc5 43. Rf1 a5 44. a4 1/2-1/2

[Event "Campeonato de Europa 2011 Femenino"]
[Site "Tbilisi GEO"]
[Date "2011.05.16"]
[Round "9.47"]
[White "Foisor, Mihaela-Veronica"]
[Black "Kharatyan, Anahit"]
[Result "1-0"]
[WhiteElo "2220"]
[BlackElo "2064"]
[PlyCount "58"]
[EventDate "2011.05.07"]
[EventType "swiss"]
[EventRounds "11"]
[EventCountry "GEO"]
[Source "lmi"]
[SourceDate "2011.05.07"]

1. d4 f5 2. c4 e6 3. g3 Nf6 4. Bg2 d5 5. Nf3 c6 6. O-O Bd6 7. b3 Qe7 8. Bb2
Nbd7 9. Qc1 O-O 10. Ba3 Ne4 11. Bxd6 Qxd6 12. Qa3 Ndf6 13. Qxd6 Nxd6 14. Ne5
Bd7 15. Nd2 Rac8 16. c5 Nb5 17. e3 g5 18. Ndf3 h6 19. Nd3 Be8 20. Nfe5 Kg7 21.
Rfc1 Bg6 22. h4 Nc7 23. b4 a6 24. Nxg6 Kxg6 25. Rcb1 Nd7 26. f4 Nf6 27. Ne5+
Kg7 28. Bf1 Ne4 29. Rb2 Ra8 1-0

[Event "Campeonato de Europa 2011 Femenino"]
[Site "Tbilisi GEO"]
[Date "2011.05.16"]
[Round "9.48"]
[White "Vakhania, Alexandra"]
[Black "Kuchava, Ana"]
[Result "1-0"]
[WhiteElo "2189"]
[BlackElo "1973"]
[PlyCount "91"]
[EventDate "2011.05.07"]
[EventType "swiss"]
[EventRounds "11"]
[EventCountry "GEO"]
[Source "lmi"]
[SourceDate "2011.05.07"]

1. c4 e5 2. Nc3 Nf6 3. g3 c6 4. Bg2 d5 5. cxd5 cxd5 6. Qb3 Nc6 7. Nxd5 Nd4 8.
Nxf6+ gxf6 9. Qd1 Qc7 10. Kf1 Nc2 11. Rb1 Be6 12. b3 Rc8 13. Bb2 Ba3 14. Be4
Bxb2 15. Rxb2 Na3 16. Kg2 f5 17. Bb1 e4 18. Nh3 Qe5 19. d4 exd3 20. Rd2 Nxb1
21. Qxb1 dxe2 22. Nf4 Rg8 23. Nxe6 fxe6 24. Re1 Kf7 25. Rd7+ Ke8 26. Qd3 Rc7
27. Rd4 Qc5 28. Rxe2 Qc6+ 29. f3 Re7 30. Rd6 Qc8 31. Qd4 Kf7 32. Qxa7 Rg6 33.
Qd4 Qg8 34. Qc4 h5 35. Re5 Qb8 36. Rxf5+ Kg8 37. Rd2 h4 38. Qxh4 Qc7 39. Rg5
Kg7 40. Rh5 e5 41. Rh7+ Kf8 42. Rd8+ Qxd8 43. Rh8+ Rg8 44. Qf6+ Ke8 45. Rxg8+
Kd7 46. Rxd8+ 1-0

[Event "Campeonato de Europa 2011 Femenino"]
[Site "Tbilisi GEO"]
[Date "2011.05.16"]
[Round "9.49"]
[White "Umudova, Nargiz"]
[Black "Imnadze, Nato"]
[Result "1/2-1/2"]
[WhiteElo "2230"]
[BlackElo "1962"]
[PlyCount "157"]
[EventDate "2011.05.07"]
[EventType "swiss"]
[EventRounds "11"]
[EventCountry "GEO"]
[Source "lmi"]
[SourceDate "2011.05.07"]

1. e4 e5 2. Nf3 Nc6 3. Bb5 Nge7 4. c3 a6 5. Ba4 g6 6. d4 exd4 7. cxd4 b5 8. Bb3
Bg7 9. d5 Na5 10. O-O Nxb3 11. Qxb3 d6 12. Bd2 O-O 13. Ba5 Qd7 14. Nbd2 Bb7 15.
Rac1 Rac8 16. Bc3 Bh6 17. Bf6 c6 18. dxc6 Nxc6 19. Rcd1 Qe6 20. Bh4 Ne5 21.
Qxe6 fxe6 22. Be7 Rfe8 23. Bxd6 Nxf3+ 24. gxf3 Rc2 25. Nb3 Rxb2 26. Nc5 Bc8 27.
a3 Rc2 28. e5 Bg7 29. Rc1 Re2 30. Rfe1 Rxe1+ 31. Rxe1 Rd8 32. Rc1 h6 33. Kg2 g5
34. Kg3 Kh7 35. h4 Kg6 36. hxg5 hxg5 37. Rh1 Kf5 38. Re1 Rh8 39. Nb3 Rh4 40.
Nd2 Rd4 41. Nf1 Bb7 42. Ne3+ Kg6 43. Ng4 Rf4 44. Re3 Bd5 45. Bb4 Kh5 46. Nh2
Rc4 47. Ng4 Rf4 48. Nh2 Rc4 49. Ng4 Kg6 50. Rd3 Kh5 51. Bc3 Kg6 52. Bd4 a5 53.
f4 gxf4+ 54. Kxf4 b4 55. axb4 axb4 56. Nf6 Bc6 57. Ke3 Bh6+ 58. f4 Kf5 59. Nh5
Be8 60. Ng3+ Kg4 61. Ne2 Ba4 62. Kf2 Bxf4 63. Rf3 Bg5 64. Bb6 Bh4+ 65. Ke3 Bc2
66. Nd4 Rc3+ 67. Ke2 b3 68. Rf1 b2 69. Kd2 b1=Q 70. Rxb1 Bxb1 71. Kxc3 Ba2 72.
Kd3 Bd5 73. Nc2 Kf3 74. Bd4 Be4+ 75. Kd2 Bxc2 76. Kxc2 Ke4 77. Bb2 Be1 78. Kd1
Bf2 79. Ke2 1/2-1/2

[Event "Campeonato de Europa 2011 Femenino"]
[Site "Tbilisi GEO"]
[Date "2011.05.16"]
[Round "9.50"]
[White "Skrabakova, Katarina"]
[Black "Khmiadashvili, Tamar"]
[Result "0-1"]
[WhiteElo "2071"]
[BlackElo "2204"]
[PlyCount "65"]
[EventDate "2011.05.07"]
[EventType "swiss"]
[EventRounds "11"]
[EventCountry "GEO"]
[Source "lmi"]
[SourceDate "2011.05.07"]

1. e4 c5 2. Nf3 d6 3. d4 cxd4 4. Nxd4 Nf6 5. Nc3 e5 6. Nb3 Be7 7. Be2 O-O 8.
O-O Nc6 9. Be3 Be6 10. f3 Na5 11. Qe1 Nc4 12. Bxc4 Bxc4 13. Rf2 a6 14. Rd1 Qc7
15. Nd2 Be6 16. Nf1 b5 17. Ng3 b4 18. Nd5 Nxd5 19. exd5 Bd7 20. Qxb4 Rfb8 21.
Qa3 f5 22. f4 exf4 23. Bxf4 a5 24. Qe3 Bf6 25. c3 Re8 26. Qd2 g6 27. Re1 Rxe1+
28. Qxe1 a4 29. a3 Be8 30. Qd2 Qc8 31. Nf1 Bb5 32. Ne3 g5 33. Bxd6 0-1

[Event "Campeonato de Europa 2011 Femenino"]
[Site "Tbilisi GEO"]
[Date "2011.05.16"]
[Round "9.51"]
[White "Shaydullina, Sandugach"]
[Black "Unapkoshvili, Nani"]
[Result "1/2-1/2"]
[WhiteElo "2160"]
[BlackElo "1970"]
[PlyCount "176"]
[EventDate "2011.05.07"]
[EventType "swiss"]
[EventRounds "11"]
[EventCountry "GEO"]
[Source "lmi"]
[SourceDate "2011.05.07"]

1. d4 d5 2. c4 e6 3. Nc3 Nf6 4. cxd5 exd5 5. Bg5 c6 6. e3 Bf5 7. Qf3 Bg6 8.
Bxf6 Qxf6 9. Qxf6 gxf6 10. Nge2 Bd6 11. h4 h5 12. g3 Bf5 13. Nf4 Bg4 14. Bg2
Na6 15. a3 Nc7 16. f3 Bd7 17. Kf2 f5 18. Rhe1 O-O-O 19. b4 a6 20. Na4 Kb8 21.
Nb6 Be6 22. Nxe6 fxe6 23. f4 Ne8 24. Bf3 Nf6 25. Rab1 Rdg8 26. Na4 Rh7 27. Nc3
Rhg7 28. Ne2 b5 29. Rec1 Rc8 30. Rc3 a5 31. bxa5 Ra7 32. Nc1 Rxa5 33. Rbb3 Ne4+
34. Bxe4 fxe4 35. Kg2 Kb7 36. Na2 Rca8 37. g4 hxg4 38. Nb4 Bxb4 39. axb4 Ra1
40. Rc2 Rh8 41. Rbc3 Rc8 42. Rc1 Ra2+ 43. R1c2 Ra1 44. Rc1 Ra2+ 45. R1c2 Ra4
46. Rb2 Ra1 47. h5 Rh8 48. Rbc2 Ra6 49. Kg3 Rxh5 50. Kxg4 Rh1 51. Kg5 Kc7 52.
f5 exf5 53. Kxf5 Rb1 54. Rc5 Kb7 55. Rh2 Ra8 56. Rh7+ Kb6 57. Rh6 Rf8+ 58. Ke5
Rc8 59. Rxd5 Re8+ 60. Kf4 Rf1+ 61. Kg3 Rg8+ 62. Kh2 Rgg1 63. Rdd6 Rh1+ 64. Kg2
Rhg1+ 65. Kh2 Rh1+ 66. Kg2 Rhg1+ 67. Kh2 Rh1+ 68. Kg2 Rhg1+ 69. Kh2 Rh1+ 70.
Kg2 Rhg1+ 71. Kh2 Rh1+ 72. Kg3 Rf3+ 73. Kg2 Rxh6 74. Rxh6 Rxe3 75. d5 Rc3 76.
Kf2 Kc7 77. dxc6 Rxc6 78. Rh7+ Kb6 79. Ke3 Rc4 80. Rh6+ Kc7 81. Rh7+ Kd6 82.
Rh6+ Ke7 83. Rh4 Rxb4 84. Rxe4+ Rxe4+ 85. Kxe4 Kd6 86. Kd4 Kc6 87. Kc3 Kc5 88.
Kb3 b4 1/2-1/2

[Event "Campeonato de Europa 2011 Femenino"]
[Site "Tbilisi GEO"]
[Date "2011.05.16"]
[Round "9.52"]
[White "Cherednichenko, Elena"]
[Black "Edes, Zsofia"]
[Result "1-0"]
[WhiteElo "2147"]
[BlackElo "2043"]
[PlyCount "65"]
[EventDate "2011.05.07"]
[EventType "swiss"]
[EventRounds "11"]
[EventCountry "GEO"]
[Source "lmi"]
[SourceDate "2011.05.07"]

1. d4 d5 2. Nf3 Nf6 3. e3 a6 4. c4 dxc4 5. Bxc4 e6 6. O-O b5 7. Bd3 c5 8. b3
Bb7 9. Bb2 Nbd7 10. Nbd2 Bd6 11. Qe2 cxd4 12. exd4 O-O 13. Ne5 Nd5 14. g3 f5
15. Ndf3 Rf6 16. Rfc1 Rh6 17. Nc6 Qf6 18. Nfe5 Bxe5 19. dxe5 Qg5 20. Rc2 Rf8
21. f3 f4 22. g4 Ne3 23. Ba3 Nxc2 24. Be7 Nf6 25. exf6 Rhxf6 26. Qxc2 Bxc6 27.
Qxc6 Qe5 28. Rd1 Qe3+ 29. Kg2 Rh6 30. Bc5 Qe5 31. Bxf8 Kxf8 32. Be4 Qb8 33.
Qd6+ 1-0

[Event "Campeonato de Europa 2011 Femenino"]
[Site "Tbilisi GEO"]
[Date "2011.05.16"]
[Round "9.54"]
[White "Khomeriki, Nino"]
[Black "Ikonomopoulou, Maria"]
[Result "0-1"]
[WhiteElo "1832"]
[BlackElo "2121"]
[PlyCount "74"]
[EventDate "2011.05.07"]
[EventType "swiss"]
[EventRounds "11"]
[EventCountry "GEO"]
[Source "lmi"]
[SourceDate "2011.05.07"]

1. e4 c5 2. d3 e6 3. g3 Nc6 4. c3 d5 5. Qe2 Nf6 6. f4 Be7 7. Bg2 b6 8. Nf3 O-O
9. e5 Ne8 10. O-O a5 11. Be3 Ba6 12. Bf2 Nc7 13. Nbd2 a4 14. a3 b5 15. g4 Qd7
16. Bh3 b4 17. c4 Rfd8 18. Be3 dxc4 19. dxc4 Nd5 20. Rfd1 Nd4 21. Bxd4 Nxf4 22.
Qf1 cxd4 23. axb4 Bxb4 24. Ng5 Nxh3+ 25. Qxh3 h6 26. Nge4 d3 27. Nf3 Qa7+ 28.
Kh1 Qe3 29. Re1 Bxe1 30. Rxe1 Qf4 31. Nd6 Rxd6 32. exd6 Bb7 33. Kg2 d2 34. Rd1
Qe3 35. Kf1 Bxf3 36. Rxd2 Be2+ 37. Kg2 Qxd2 0-1

[Event "Campeonato de Europa 2011 Femenino"]
[Site "Tbilisi GEO"]
[Date "2011.05.16"]
[Round "9.55"]
[White "Mammadova, Aysel Alishiraz Qiz"]
[Black "Goryachkina, Aleksandra"]
[Result "0-1"]
[WhiteElo "1964"]
[BlackElo "2103"]
[PlyCount "66"]
[EventDate "2011.05.07"]
[EventType "swiss"]
[EventRounds "11"]
[EventCountry "GEO"]
[Source "lmi"]
[SourceDate "2011.05.07"]

1. e4 c5 2. c3 d5 3. exd5 Qxd5 4. d4 Nf6 5. Nf3 Bg4 6. Be2 e6 7. O-O Nc6 8. h3
Bh5 9. Be3 cxd4 10. Nxd4 Bxe2 11. Qxe2 Be7 12. Nd2 Nxd4 13. Bxd4 O-O 14. Nf3 b5
15. Rfd1 Qb7 16. Ne5 Rfd8 17. Rd3 Rd5 18. Rg3 Bc5 19. Qf3 Bxd4 20. cxd4 Ne8 21.
Rc1 Nd6 22. Rc5 Rxd4 23. Qxb7 Nxb7 24. Rxb5 Nd6 25. Ra5 Ne4 26. Rb3 h5 27. Nc6
Rd1+ 28. Kh2 f5 29. f3 Nd2 30. Rb8+ Rxb8 31. Nxb8 f4 32. Ra4 Nf1+ 33. Kh1 Ng3+
0-1

[Event "Campeonato de Europa 2011 Femenino"]
[Site "Tbilisi GEO"]
[Date "2011.05.16"]
[Round "9.58"]
[White "Fataliyeva, Ulviyya Hasil qizi"]
[Black "Boyard, Marie"]
[Result "1-0"]
[WhiteElo "2105"]
[BlackElo "1989"]
[PlyCount "83"]
[EventDate "2011.05.07"]
[EventType "swiss"]
[EventRounds "11"]
[EventCountry "GEO"]
[Source "lmi"]
[SourceDate "2011.05.07"]

1. e4 e5 2. Nf3 Nc6 3. Nc3 Nf6 4. d4 exd4 5. Nxd4 Bb4 6. Nxc6 bxc6 7. Bd3 d5 8.
exd5 cxd5 9. O-O O-O 10. Bg5 c6 11. Qf3 h6 12. Bf4 Be6 13. Ne2 Bd6 14. h3 c5
15. Rfd1 Re8 16. Bb5 Bd7 17. Bxd7 Qxd7 18. Ng3 Bxf4 19. Qxf4 Re6 20. Nf5 Rae8
21. Qg3 Nh5 22. Qg4 g6 23. Ne3 Nf6 24. Qf3 d4 25. c3 Qb5 26. cxd4 cxd4 27. Rxd4
Qxb2 28. Rad1 Qxa2 29. Rh4 h5 30. Rf4 Qb2 31. g4 R8e7 32. g5 Ne4 33. Nd5 Nxg5
34. Nxe7+ Rxe7 35. Qg3 Qe5 36. Kg2 Ne4 37. Qe3 Qg5+ 38. Kh2 Nc3 39. Rd8+ Kh7
40. Rxf7+ Rxf7 41. Qxg5 Rxf2+ 42. Kg1 1-0

[Event "Campeonato de Europa 2011 Femenino"]
[Site "Tbilisi GEO"]
[Date "2011.05.16"]
[Round "9.59"]
[White "Ghukasyan, Siranush"]
[Black "Lauterbach, Ingrid"]
[Result "1-0"]
[WhiteElo "1766"]
[BlackElo "2100"]
[PlyCount "77"]
[EventDate "2011.05.07"]
[EventType "swiss"]
[EventRounds "11"]
[EventCountry "GEO"]
[Source "lmi"]
[SourceDate "2011.05.07"]

1. e4 g6 2. d4 Bg7 3. Nf3 d6 4. Nc3 a6 5. Bd3 Nd7 6. O-O h6 7. Re1 e6 8. Bd2
Ne7 9. Qc1 b5 10. Ne2 Bb7 11. a4 bxa4 12. Rxa4 c5 13. c3 Nb6 14. Ra2 c4 15. Bc2
Qc7 16. Ng3 Nd7 17. Nf1 h5 18. h4 Nb6 19. Ng3 O-O 20. Bh6 Kh7 21. Ng5+ Kh8 22.
Bxg7+ Kxg7 23. f4 e5 24. f5 Bc8 25. f6+ Kxf6 26. Nh7+ Kg7 27. Nxf8 Kxf8 28.
Qh6+ Kg8 29. Qg5 Kh7 30. Rf1 Ng8 31. dxe5 dxe5 32. Ra5 Nd7 33. Rxf7+ Kh8 34.
Qxg6 Qb6+ 35. Qxb6 Nxb6 36. Rxe5 Bg4 37. Nxh5 Nd7 38. Rg5 Nh6 39. Re7 1-0

[Event "Campeonato de Europa 2011 Femenino"]
[Site "Tbilisi GEO"]
[Date "2011.05.16"]
[Round "9.60"]
[White "Martirosyan, Lia"]
[Black "Jalaghonia, Nino"]
[Result "1/2-1/2"]
[WhiteElo "2093"]
[BlackElo "1562"]
[PlyCount "134"]
[EventDate "2011.05.07"]
[EventType "swiss"]
[EventRounds "11"]
[EventCountry "GEO"]
[Source "lmi"]
[SourceDate "2011.05.07"]

1. c4 c5 2. Nc3 Nc6 3. g3 g6 4. Bg2 Bg7 5. e4 d6 6. Nge2 e6 7. O-O Nge7 8. d3
O-O 9. Be3 Nd4 10. Qd2 b6 11. Bh6 Bb7 12. Nxd4 cxd4 13. Ne2 Nc6 14. Bxg7 Kxg7
15. f4 e5 16. f5 Qf6 17. g4 h6 18. fxg6 Qxg6 19. Ng3 Rh8 20. Nh5+ Kf8 21. h3
Ke7 22. Rf6 Qg5 23. Qf2 Raf8 24. Rf1 Qe3 25. Qxe3 dxe3 26. Re1 Nb4 27. Bf1 Nc2
28. Re2 Nb4 29. Rxe3 Nxa2 30. Rf2 Rhg8 31. Kh2 Nb4 32. Ng3 Bc8 33. Re1 a5 34.
Ra1 Be6 35. Rd2 Nc6 36. Ne2 Nd4 37. Nxd4 exd4 38. b4 axb4 39. Ra7+ Kf6 40. Rb2
Ra8 41. Rxa8 Rxa8 42. Rxb4 Ra2+ 43. Kg3 Ra1 44. Be2 Ra2 45. Kf3 Ra6 46. h4 Kg6
47. Rb5 f6 48. Rb2 Bf7 49. Kf4 Be6 50. Rb5 Ra2 51. Bf3 Ra6 52. g5 hxg5+ 53.
hxg5 fxg5+ 54. Rxg5+ Kf6 55. Rb5 Ra3 56. Rxb6 Rxd3 57. c5 Rxf3+ 58. Kxf3 dxc5
59. Kf4 c4 60. e5+ Ke7 61. Rb7+ Kd8 62. Ke4 d3 63. Ke3 Bf5 64. Kd2 Be6 65. Kc3
Ke8 66. Ra7 Kd8 67. Rg7 Ke8 1/2-1/2

[Event "Campeonato de Europa 2011 Femenino"]
[Site "Tbilisi GEO"]
[Date "2011.05.16"]
[Round "9.61"]
[White "Asgarova, Turan Nizami qizi"]
[Black "Choladze, Mariam"]
[Result "1-0"]
[WhiteElo "1957"]
[BlackElo "1818"]
[PlyCount "131"]
[EventDate "2011.05.07"]
[EventType "swiss"]
[EventRounds "11"]
[EventCountry "GEO"]
[Source "lmi"]
[SourceDate "2011.05.07"]

1. e4 c5 2. Nf3 d6 3. d4 cxd4 4. Nxd4 Nf6 5. Nc3 a6 6. Be2 e5 7. Nb3 Be7 8. O-O
O-O 9. Kh1 Nbd7 10. a4 b6 11. Be3 Bb7 12. f3 Nc5 13. Nc1 d5 14. exd5 Nxd5 15.
Nxd5 Bxd5 16. b4 Ne6 17. c4 Bc6 18. Qxd8 Bxd8 19. Rd1 Bc7 20. Nd3 Rfd8 21. b5
Bb7 22. Nb4 a5 23. Nd5 Bxd5 24. cxd5 Nd4 25. Rac1 Nxe2 26. Rxc7 Nd4 27. f4 f6
28. fxe5 fxe5 29. Rb7 Rxd5 30. Rxb6 Rc8 31. h3 Rdd8 32. Ra6 Ra8 33. Rxa8 Rxa8
34. Rc1 Kf7 35. Rc7+ Kf6 36. b6 Rb8 37. b7 h5 38. Kg1 g6 39. Kf2 Ke6 40. Bd2
Nb3 41. Bc3 Kd6 42. Rg7 Kd5 43. Re7 Nc5 44. Bxa5 Rxb7 45. Rxb7 Nxb7 46. Bb6 Nd6
47. a5 Kc6 48. Kf3 Kb7 49. Bc5 Nc4 50. Ke4 Kc6 51. Bf2 Kb5 52. Kd5 Nb2 53. Be1
Nd3 54. Bd2 Nb2 55. g3 Nd3 56. h4 Nf2 57. Kxe5 Ng4+ 58. Ke6 Nf2 59. Kf7 Ne4 60.
Bf4 Kxa5 61. Kxg6 Kb5 62. Kxh5 Kc6 63. Kg6 Kd7 64. h5 Ke7 65. h6 Nf6 66. Bg5
1-0

[Event "Campeonato de Europa 2011 Femenino"]
[Site "Tbilisi GEO"]
[Date "2011.05.16"]
[Round "9.63"]
[White "Kobeshavidze, Lika"]
[Black "Soyunlu, Narmin Asat qizi"]
[Result "1-0"]
[WhiteElo "1988"]
[BlackElo "1884"]
[PlyCount "85"]
[EventDate "2011.05.07"]
[EventType "swiss"]
[EventRounds "11"]
[EventCountry "GEO"]
[Source "lmi"]
[SourceDate "2011.05.07"]

1. e4 e6 2. d4 d5 3. exd5 exd5 4. Bd3 Bd6 5. c3 Nc6 6. Ne2 Bg4 7. Qc2 Nge7 8.
O-O h6 9. Ng3 Qd7 10. h3 Be6 11. a4 f5 12. f4 O-O-O 13. Na3 Rdf8 14. Nb5 Rhg8
15. Nxd6+ Qxd6 16. b4 g5 17. b5 Nd8 18. a5 h5 19. b6 a6 20. Ba3 Qd7 21. Bxe7
Qxe7 22. bxc7 Qxc7 23. Ne2 g4 24. h4 g3 25. Rf3 Rg4 26. Re3 Rxf4 27. Rxg3 Rxh4
28. Rf3 Qh2+ 29. Kf2 Rg4 30. Rg1 f4 31. c4 Kb8 32. Kf1 Rxg2 33. Rxg2 Bh3 34.
Ng1 Bxg2+ 35. Qxg2 Qh4 36. cxd5 Qf6 37. Ne2 Qd6 38. Qg5 h4 39. Qe5 Nf7 40. Qxf4
Kc7 41. Bg6 Ne5 42. dxe5 Qxg6 43. Qxf8 1-0

[Event "Campeonato de Europa 2011 Femenino"]
[Site "Tbilisi GEO"]
[Date "2011.05.16"]
[Round "9.64"]
[White "Trapaidze, Lizi"]
[Black "Javakhishvili, Mariam"]
[Result "1-0"]
[WhiteElo "1744"]
[BlackElo "1491"]
[PlyCount "77"]
[EventDate "2011.05.07"]
[EventType "swiss"]
[EventRounds "11"]
[EventCountry "GEO"]
[Source "lmi"]
[SourceDate "2011.05.07"]

1. e4 e5 2. Nc3 Nc6 3. g3 Bc5 4. Bg2 a6 5. Nge2 Nge7 6. O-O O-O 7. h3 d6 8. Kh2
f5 9. f4 Ba7 10. d3 Qe8 11. Bd2 Rb8 12. a4 Kh8 13. Qc1 b5 14. axb5 axb5 15. Nd5
fxe4 16. dxe4 Rb7 17. Nxe7 Qxe7 18. Nc3 Be6 19. Nd5 Bxd5 20. exd5 Nd4 21. Qd1
exf4 22. Bxf4 Qe8 23. Rxa7 Rxa7 24. Qxd4 Ra4 25. Qd3 Ra8 26. Be4 Qh5 27. Bd2
Rxf1 28. Qxf1 Qe5 29. Qf5 Qxf5 30. Bxf5 Re8 31. Bd3 Re5 32. c4 bxc4 33. Bxc4
Re4 34. b3 Kg8 35. Kg2 Kf7 36. Kf3 Re7 37. Bd3 Re5 38. Bc4 Rh5 39. Kg4 1-0

[Event "Campeonato de Europa 2011 Femenino"]
[Site "Tbilisi GEO"]
[Date "2011.05.16"]
[Round "9.65"]
[White "Gumberidze, Nino"]
[Black "Novkovic, Julia"]
[Result "1/2-1/2"]
[WhiteElo "1664"]
[BlackElo "2120"]
[PlyCount "104"]
[EventDate "2011.05.07"]
[EventType "swiss"]
[EventRounds "11"]
[EventCountry "GEO"]
[Source "lmi"]
[SourceDate "2011.05.07"]

1. e4 e5 2. Nf3 Qe7 3. Nc3 c6 4. Bc4 d6 5. O-O b5 6. Bb3 Bg4 7. Nxb5 Nf6 8. Nc3
Qc7 9. Bc4 Nbd7 10. Be2 Nc5 11. Re1 Be7 12. d3 O-O 13. h3 Bd7 14. Bf1 Rab8 15.
b3 Ne6 16. g4 Ne8 17. Ne2 g6 18. Bh6 N8g7 19. Ng3 a5 20. Kh2 a4 21. Be2 Nf4 22.
Rg1 Rfd8 23. Qd2 Nge6 24. Nf5 Bf8 25. Ng5 Be8 26. Nxe6 fxe6 27. Bxf4 exf4 28.
Nd4 Bd7 29. Nf3 Bg7 30. Rab1 Rf8 31. d4 d5 32. e5 c5 33. c3 a3 34. g5 Rf7 35.
Rg4 Rbf8 36. Ne1 f3 37. Bd3 Be8 38. Rg3 Rf4 39. Qe3 cxd4 40. cxd4 Qa7 41. Nxf3
R8f7 42. Be2 Re4 43. Qd2 Bf8 44. Rg4 Qb7 45. Kg3 Bb4 46. Qd3 Rc7 47. Qa6 Qxa6
48. Bxa6 Rxg4+ 49. hxg4 Rc2 50. Ra1 Bc3 51. Bd3 Bxa1 52. Bxc2 Bb5 1/2-1/2

[Event "Campeonato de Europa 2011 Femenino"]
[Site "Tbilisi GEO"]
[Date "2011.05.17"]
[Round "10.3"]
[White "Kosintseva, Nadezhda"]
[Black "Danielian, Elina"]
[Result "0-1"]
[WhiteElo "2567"]
[BlackElo "2506"]
[PlyCount "62"]
[EventDate "2011.05.07"]
[EventType "swiss"]
[EventRounds "11"]
[EventCountry "GEO"]
[Source "lmi"]
[SourceDate "2011.05.07"]

1. e4 c6 2. d4 d5 3. e5 Bf5 4. Nd2 e6 5. Nb3 Nd7 6. Nf3 h6 7. Be2 Ne7 8. O-O g5
9. Ne1 c5 10. c3 Qc7 11. Be3 c4 12. Nd2 Bg7 13. b3 cxb3 14. Qxb3 O-O 15. Nd3
Rac8 16. Rac1 Nb6 17. Nc5 Bg6 18. f3 Nc6 19. Bf2 Qe7 20. Qb5 Rc7 21. a4 Rfc8
22. a5 Nd7 23. Nxd7 Qxd7 24. c4 Nxd4 25. Bxd4 Qxb5 26. cxb5 Rxc1 27. Bxa7 Bxe5
28. Kf2 R1c2 29. Rd1 Ra2 30. a6 bxa6 31. b6 Rcc2 0-1

[Event "Campeonato de Europa 2011 Femenino"]
[Site "Tbilisi GEO"]
[Date "2011.05.17"]
[Round "10.5"]
[White "Muzychuk, Mariya"]
[Black "Matveeva, Svetlana"]
[Result "0-1"]
[WhiteElo "2473"]
[BlackElo "2380"]
[PlyCount "64"]
[EventDate "2011.05.07"]
[EventType "swiss"]
[EventRounds "11"]
[EventCountry "GEO"]
[Source "lmi"]
[SourceDate "2011.05.07"]

1. e4 e6 2. d4 d5 3. Nc3 Nf6 4. Bg5 Be7 5. e5 Nfd7 6. h4 Bxg5 7. hxg5 Qxg5 8.
Qd3 g6 9. Nf3 Qe7 10. O-O-O Nc6 11. Qe3 Nf8 12. Rh6 Bd7 13. Qf4 O-O-O 14. Be2
Be8 15. Ng5 Nb8 16. Rdh1 a6 17. R1h3 Nbd7 18. Rf3 Rg8 19. Nd1 c5 20. dxc5 Nxc5
21. Nc3 Qc7 22. Nxh7 Nxh7 23. Rxh7 d4 24. b4 Nd7 25. Qxd4 Nxe5 26. Qa7 Nxf3 27.
Bxf3 Qf4+ 28. Kb2 Qxb4+ 29. Kc1 Rd6 30. Ne4 Rb6 31. Nf6 Qf4+ 32. Kd1 Rb1+ 0-1